00333nam a2200121Ia 4500008004100000041000800041082001400049100002800063245004500091260003900136300002900175365000700204240624s9999 xx 000 0 und d aeng a658.8 KRI aKRISHNAMACHARYULU C S G aCASES IN RURAL MARKETING AN INTEGRATED A c2004aNew DelhibPearson Education ax, : 264 : p. : cm. ; 24 cRS